000 00833nam a22002657a 4500
001 8158
003 FISKH
005 20250829102000.0
008 250829b cb ||||| |||| 00| 0 eng d
020 _a9780590399982
040 _aFISKH
_beng
_cFISKH
_dFISKH
082 _a 813.54
100 _aStine, R. L.
245 _aCheckout time at the dead-end hotel :
_bGive yourself goosebumps
_cR. L. Stine
250 _aThis edition published in 2005
260 _aNew York :
_bScholastic,
_c1998
300 _a135 pages :
_c20 cm
505 _aG
520 _aYou've just checked into a crummy old hotel on a deserted highway. The problem? You can't check out -- ever!
521 8 _a380
_bLexile
521 8 _aG
_bRaz-Plus
650 _aAdventure
_vCrime Fiction
_xGoosebumps
942 _2ddc
_cBK
_n0
999 _c8158
_d8158